Face to face selling

Bibliographic Details
Main Author: Breighner, Bart
Format: Book
Published: Singapore : S.S.Mubaruk & Brothers Pte.Ltd. , 1995
Subjects:

MARC

LEADER 00000cam a2200000 7i4500
001 0000009061
002 000009871
005 20000330.0
020 |a 9813046708 
090 0 0 |a 302.14   |b BRE 
100 0 |a Breighner, Bart 
245 1 0 |a Face to face selling   |c Bart Breighner 
260 |a Singapore :   |b S.S.Mubaruk & Brothers Pte.Ltd. ,   |c 1995 
300 |a 228p. ;   |c 23cm. 
650 0 0 |a Sales management 
650 0 0 |a Selling 
999 |a 046775   |b BUKU   |c PINJAMAN   |e PERPUSTAKAAN KOMUNITI PETALING JAYA 
999 |a 048848   |b BUKU   |c PINJAMAN   |e PERPUSTAKAAN KOMUNITI PETALING JAYA